| 000 | 00440cam a2200169ua 4500 | ||
|---|---|---|---|
| 003 | OSt | ||
| 008 | 250108b |||||||| |||| 00| 0 eng d | ||
| 041 | _aeng | ||
| 082 |
_a621.381548 _bTER/EL |
||
| 100 |
_aTerman, Frederick Emmons . _96839 |
||
| 245 | _aElectronic measurements / | ||
| 250 | _a1 / | ||
| 260 |
_aTokyo : _bMcGraw Hill Book Company , _c1952. |
||
| 300 | _a707 ; . | ||
| 700 | 1 |
_aPettit, Joseph Mayo . _96840 |
|
| 942 | _cBK | ||
| 999 |
_c1987 _d1987 |
||